Kamus Melayu global (Record no. 82351)

MARC details
000 -LEADER
fixed length control field 00614nam a2200229 i 4500
001 - CONTROL NUMBER
control field C2-0274588
003 - CONTROL NUMBER IDENTIFIER
control field PPAK
005 - DATE AND TIME OF LATEST TRANSACTION
control field 20180728003606.0
008 - FIXED-LENGTH DATA ELEMENTS--GENERAL INFORMATION
fixed length control field 061002s2006 my |||| ||||| | may d
020 ## - INTERNATIONAL STANDARD BOOK NUMBER
International Standard Book Number 9830372057
040 ## - CATALOGING SOURCE
Original cataloging agency PPAK
Language of cataloging eng
Transcribing agency PPAK
Description conventions rda
082 04 - DEWEY DECIMAL CLASSIFICATION NUMBER
Classification number 499.283
Edition number 23
090 00 - LOCALLY ASSIGNED LC-TYPE CALL NUMBER (OCLC); LOCAL CALL NUMBER (RLIN)
Classification number (OCLC) (R) ; Classification number, CALL (RLIN) (NR) 499.283
Feature heading KAM
Feature heading R
245 00 - TITLE STATEMENT
Title Kamus Melayu global
264 #1 - PRODUCTION, PUBLICATION, DISTRIBUTION, MANUFACTURE, AND COPYRIGHT NOTICE
Place of production, publication, distribution, manufacture Kuala Lumpur :
Name of producer, publisher, distributor, manufacturer Anzagain Sdn. Bhd. ,
Date of production, publication, distribution, manufacture, or copyright notice 2006
300 ## - PHYSICAL DESCRIPTION
Extent xxi, 1575 pages ;
Dimensions 18 cm
336 ## - CONTENT TYPE
Source rdacontent
Content type term text
337 ## - MEDIA TYPE
Source rdamedia
Media type term unmediated
338 ## - CARRIER TYPE
Source rdacarrier
Carrier type term volume
650 10 - SUBJECT ADDED ENTRY--TOPICAL TERM
Topical term or geographic name entry element Malay language - Dictionaries.
942 ## - ADDED ENTRY ELEMENTS (KOHA)
-- dc
Koha item type Book
Holdings
Withdrawn Not for loan Current library Shelving location Date acquired Full call number Barcode Date last seen Koha item type
  Not For Loan Perpustakaan Alor Setar Rujukan Dewasa 31/05/2007 R 499.283 KAM A01172532 09/05/2018 Book
  Not For Loan Perpustakaan Awam Sungai Petani Rujukan Dewasa 31/05/2007 R 499.283 KAM A01172533 09/05/2018 Book
  Not For Loan Perpustakaan Baling Rujukan Dewasa 31/05/2007 R 499.283 KAM A01172542 09/05/2018 Book
  Not For Loan Perpustakaan Baling Rujukan Dewasa 31/05/2007 R 499.283 KAM A01172539 09/05/2018 Book
  Not For Loan Perpustakaan Bandar Baharu Rujukan Dewasa 31/05/2007 R 499.283 KAM A01172540 09/05/2018 Book
  Not For Loan Perpustakaan Jitra Rujukan Dewasa 31/05/2007 R 499.283 KAM A01172534 09/05/2018 Book
  Not For Loan Perpustakaan Kuala Nerang Rujukan Dewasa 31/05/2007 R 499.283 KAM A01172541 09/05/2018 Book
  Not For Loan Perpustakaan Kulim Rujukan Dewasa 31/05/2007 R 499.283 KAM A01172536 09/05/2018 Book
  Not For Loan Perpustakaan Langkawi Rujukan Dewasa 31/05/2007 R 499.283 KAM A01172535 09/05/2018 Book
  Not For Loan Perpustakaan Sik Rujukan Dewasa 31/05/2007 R 499.283 KAM A01172538 09/05/2018 Book